| 000 | 00937nam a2200229 i 4500 | ||
|---|---|---|---|
| 001 | 27360 | ||
| 003 | ES-MaACL | ||
| 005 | 20250819050135.0 | ||
| 007 | t| | ||
| 008 | 030114s1905 sp ||||1| spa d | ||
| 100 | 1 |
_aAranzadi, Telesforo de, _d1860-1945 _922335 |
|
| 245 | 1 | 0 |
_aDiscurso inaugural leído en la solemne apertura del curso académico de 1905 a 1906 ante el Claustro de la Universidad de Barcelona / _cpor Telesforo de Aranzadi Unamuno. |
| 260 |
_aBarcelona : _b[s.n.], _c1905 ( _fTip. "La Académica") |
||
| 300 |
_a17 p. ; _c27 c m. |
||
| 530 | _aDisponible en formato digital. | ||
| 594 | _aTítulo del discurso: Vulgo y ciencia y sus relaciones. | ||
| 650 | 0 |
_aCiencia- _xAspectos sociales _9237698 |
|
| 710 | 2 |
_aUniversidad de Barcelona. _97141 |
|
| 852 |
_aES-MaACL _jT-1068-F-1 |
||
| 856 |
_uhttp://hdl.handle.net/2445/63231 _zDipòsit Digital de la Universitat de Barcelona |
||
| 999 |
_c27360 _d27360 |
||